000 00487nam a2200181Ia 4500
003 GCL
008 140319s9999 xx 000 0 eng d
040 _aGCL /
_cGCL
082 0 4 _a341.3
_bC I
100 1 _aCENTRE FOR RESEARCH AND STUDIES
245 1 0 _aIRAQ NAVIGATIONAL OUTLETS /
_cCENTRE FOR RESEARCH AND STUDIES
260 _a[S.N] :
_bCENTRE FOR RESEARCH AND STUDIES ،
_c1994
300 _a78P.
650 0 4 _aKUWAIT
650 0 4 _aIRAQ
650 0 4 _aGUIF WAR
942 _2ddc
_cBK
999 _c12005
_d12005